00920cam a2200277 a 4500001000700000003000500007005001700012008004100029010001700070020002800087040001800115050003000133082002700163100001800190245013800208260003700346300004100383440004800424500000600472526000600478630003300484650003900517650004000556700002600596700002000622692243SISC20160307143219.0960814s1996 nyuaf 000 0 eng  a 96042078  a0061053538 (trade pbk.) aDLCcDLCdDLC00aPN 1992.77.X22b.L72 199600aHS 791.4572 bL95 19961 aLowry, Brian.10aTrust no one :bthe official third season guide to the X files /cwritten by Brian Lowry ; with research assistance by Sarah Stegall. aNew York :bHarperPrism,cc1996. a262 p. :bill. (some col.) ;c24 cm. 4aThe official guide to the X-files ;vv. [2] a  c 00aX-files (Television program) 0aMulder, Fox (Fictitious character) 0aScully, Dana (Fictitious character)1 aCarter, Chris,d1957-1 aStegall, Sarah.